| 000 | 00985nam a22002775a 4500 | ||
|---|---|---|---|
| 003 | OSt | ||
| 005 | 20170419113217.0 | ||
| 008 | 170419s2017 ua frb 000 0 ara d | ||
| 015 | _a2016 / 26585 | ||
| 020 | _a9789777811057 | ||
| 040 |
_aEG-ScBUE _bara _cEG-ScBUE |
||
| 082 | 0 | 4 |
_a378 _bس ل م _222 |
| 100 | 1 | _aسلمي، علي. | |
| 245 | 1 | 0 |
_aجامعات المستقبل في زمن التميز والعالمية / _cتأليف علي السلمي ؛ مراجعة وتقديم أنس جعفر. |
| 250 | _aط. 1. | ||
| 260 |
_aالقاهرة : _bسما للنشر والتوزيع، _c2017. |
||
| 300 |
_a432 ص. ؛ _c24 سم. |
||
| 504 | _aيشتمل على إرجاعات ببليوجرافية. | ||
| 650 | 7 |
_aالتعليم العالي. _2BUEsh |
|
| 650 | 7 |
_aالجامعات والكليات. _2BUEsh |
|
| 651 | _2BUEsh | ||
| 653 |
_bGGEN _cApril2017 |
||
| 655 |
_vReading book _934232 |
||
| 700 | 1 |
_aجعفر، أنس، _eمراجع، _eمقدم. |
|
| 942 | _2ddc | ||
| 999 |
_c24673 _d24645 |
||